Statistiken für Fussballvereine aus aller Welt

Klicken Sie hier um das Quiz zu spielen!

Allgemein

  • Dieses Quiz wurde 169 mal gespielt
  • Das Durchschnittsergebnis liegt bei 20 aus 38

Antwortstatistiken

HintAntwort% Korrekt
Real BetisSpanien
88%
BesiktasTürkei
81%
TrabzonsporTürkei
81%
WhitecapsUSA/Kanada
79%
TimbersUSA/Kanada
77%
SampdoriaItalien
76%
FenerbahceTürkei
73%
BasaksehirTürkei
71%
GrasshoppersSchweiz
70%
ServetteSchweiz
64%
CeltaSpanien
63%
PartizanSerbien
62%
EnyimbaNigeria
61%
CorinthiansBrasilien
58%
LeganesSpanien
58%
Red StarSerbien
57%
GremioBrasilien
56%
SteauaRumanien
55%
Vasco da GamaBrasilien
54%
ÚjpestUngarn
54%
CataniaItalien
51%
Paços de FerreiraPortugal
46%
RapidsUSA/Kanada
46%
PersepolisIran
42%
Gol GoharIran
41%
XamaxSchweiz
41%
KisvárdaUngarn
41%
MaritimoPortugal
39%
HonvedUngarn
37%
Lobi StarsNigeria
36%
Gil VicentePortugal
36%
PetrolulRumanien
33%
MladostSerbien
32%
UniversitateaRumanien
31%
JuventudeBrasilien
24%
HeartlandNigeria
24%
TractorIran
16%
Aurora Pro PatriaItalien
14%

Verteilung der Resultate

Perzentil nach korrekt beantworteten Fragen

Anzahl Personen mit jedem Resultat

Ihre Resultats-Entwicklung

Sie haben dieses Quiz noch nicht gespielt